书目信息 |
| 题名: |
个性十足的家居彩绘
|
|
| 作者: | ;理想·宅 编 | |
| 分册: | ||
| 出版信息: | 北京 化学工业出版社 2013.01 |
|
| 页数: | 108页 | |
| 开本: | 24cm | |
| 丛书名: | 家居空间“微”创意 | |
| 单 册: | ||
| 中图分类: | J525.1 | |
| 科图分类: | ||
| 主题词: | 住宅--室内装饰--装饰美术 , 住宅 , 室内装饰 , 装饰美术 | |
| 电子资源: | ||
| ISBN: | 978-7-122-15429-3 | |
| 000 | 00863oam2 2200289 450 | |
| 001 | 010010106967 | |
| 005 | 20130703104609.73 | |
| 010 | @a978-7-122-15429-3@dCNY36.00 | |
| 100 | @a20121121d2013 em y0chiy50 ea | |
| 101 | 0 | @achi |
| 102 | @aCN@b110000 | |
| 105 | @aa z 000yy | |
| 106 | @ar | |
| 200 | 1 | @a个性十足的家居彩绘@9ge xing shi zu de jia ju cai hui@f理想·宅编 |
| 210 | @a北京@c化学工业出版社@d2013.01 | |
| 215 | @a108页@c图@d24cm | |
| 225 | 2 | @a家居空间“微”创意 |
| 330 | @a本书主要内容包括:家居彩绘全接触;家居彩绘面面观;280个彩绘家居新创意。 | |
| 461 | 0 | @12001 @a家居空间“微”创意 |
| 606 | 0 | @a住宅@x室内装饰@x装饰美术 |
| 606 | 0 | @a住宅 |
| 606 | 0 | @a室内装饰 |
| 606 | 0 | @a装饰美术 |
| 690 | @aJ525.1@v5 | |
| 711 | 02 | @a理想·宅@9li xiang · zhai@4编 |
| 801 | 0 | @aCN@bRENTIAN@c20121121 |
| 905 | @b547198-201@dJ525.1@e334@f4 | |
| 个性十足的家居彩绘/理想·宅编.-北京:化学工业出版社,2013.01 |
| 108页:图;24cm.-(家居空间“微”创意) |
| ISBN 978-7-122-15429-3:CNY36.00 |
| 本书主要内容包括:家居彩绘全接触;家居彩绘面面观;280个彩绘家居新创意。 |
| ● |
| 相关链接 |
|
|
|
|
正题名:个性十足的家居彩绘
索取号:J525.1/334
 
预约/预借
| 序号 | 登录号 | 条形码 | 馆藏地/架位号 | 状态 | 备注 |
| 1 | 547198 | 205471988 | 第一样本阅览室/ [索取号:J525.1/334] | 在馆 | |
| 2 | 547199 | 205471997 | 第一借阅区/ [索取号:J525.1/334] | 在馆 | |
| 3 | 547200 | 205472004 | 密集书库-美术系/ [索取号:J525.1/334] | 在馆 | |
| 4 | 547201 | 205472013 | 第一借阅区/ [索取号:J525.1/334] | 在馆 |